01459cam a22004094i 4500003000900000005001700009008004100026020001800067035002700085040003300112082001800145245013700163264006300300300006400363336002100427337002500448338002300473504004000496505026600536526000900802526000900811526000900820526000900829526000900838526000900847526000800856526000800864526000800872526000800880526000800888526000800896650003300904700002800937700003000965700002700995700002701022PE-LiUPU20250731184529.0150623s1998 miua rb 000 0 eng d a9780802838414 a(Sirsi) i9780802838414 aPE-LiUPUbspacPE-LiUPUerda04a930221bA54100aAncient history in a modern university :bearly Christianity, late antiquity and beyond /ceditado por T.W. Hillard .. [et al.].nII 1aMichigan :bWilliam B. Eerdmans Publishing Company,c1998. a493 páginas :bilustraciones, cuadros ;c25 centímetros atext2rdacontent aunmediated2rdamedia avolume2rdacarrier aBibliografía al pie de páginas.0 aEarly Christianity, late antiquity and beyond: Judaism in the Roman Period -- History and the New Testament -- Greek Language and payrology -- The later Roman empire -- The influence of Christianity -- Late antiqity an beyond -- The ancient in the modern world. aP136 aP135 aP134 aP133 aP144 aP143 aP87 aP35 aP20 aP14 aP10 aP0614aHistoria antiguavCongresos. aHillard, T. W,eeditor. aKearsley, R. A.,eeditor. aNixon, C. E.,eeditor. aNobbs, A. M.,eeditor.